| 000 | 00890nam a22001935i 4500 | ||
|---|---|---|---|
| 001 | 156668 | ||
| 003 | ES-MaACL | ||
| 005 | 20230906210452.0 | ||
| 008 | 990719s1871 sp |||| | spa d | ||
| 080 | _a616.31 | ||
| 100 | 1 |
_aKoth, Carlos. _9128483 |
|
| 245 | 1 | 3 |
_aEl consultor del dentista y de los que padecen de la boca : _bo sea, resumen de las causas productoras de las enfermedades de la boca y medios con mejor éxito empleados para evitar los males y su curación / _cpor el Dr. D. Carlos Koth. |
| 260 |
_aMadrid : _b[s.n.], _c1871 ( _fImp. de Berenguillo) |
||
| 300 |
_a32 p. ; _c15 cm. |
||
| 530 | _aDisponible en formato digital. | ||
| 650 | 4 |
_aBoca- _xEnfermedades. _910600 |
|
| 852 | 4 |
_aES-MaACL _jT-117-F-5 _z- Enc. hol., falto de cub. original _z- Enc. en un vol. facticio |
|
| 856 | 4 |
_uhttp://bdh-rd.bne.es/viewer.vm?id=0000096675&page=1 _zBiblioteca Digital Hispánica |
|
| 999 |
_c156668 _d156668 |
||